| 000 | 02522nam a2200277 a 4500 | ||
|---|---|---|---|
| 003 | AM-YEHGA | ||
| 040 | _aAM-YeHGA | ||
| 090 | _c458477 | ||
| 005 | 20250617160539.0 | ||
| 008 | 951223s1961 ||||||||||||||||||||rus d | ||
| 041 | 0 | _arus | |
| 110 | 2 |
_aКазанский государственный университет им. В.И. Ульянова-Ленина, _bИтоговая научная конференция |
|
| 245 | 1 | 0 |
_aИтоговая научная конференция Казанского государственного университета имени В.И. Ульянова - Ленина за ... год : _b(Краткое содержание докладов) / _cКазанский гос. ун-та им. В.И. Ульянова - Ленина. |
| 260 |
_aКазань : _bИзд-во Казанского гос. ун-та, _c1961-. |
||
| 300 |
_aСекции ; _c20 см. |
||
| 505 | 1 | 0 |
_g1960 (1961, 85 с.) : _tСекция: Литературы. Русского и татарского языков. Педагогики и психологии. Юридических наук. _g1960 (1961, 63 с.) : _tСекция: Общественных наук. Исторических наук _a1961 (1962, 93 с.) : _tСекция: физики теории относительности и гравитации астрономии. _g1961 (1962, 106 с.) : _tСекция: Исторических наук. Русской филологии. Татарской филологии. Педагогики и психологии |
| 505 | 1 | 0 |
_g1964 (1966, 97 с.) : _tФилософия. Правоведение / _r[Ред. канд. ист.наук М.А. Нугаев]. |
| 650 | 1 | 4 | _aЕстественные науки |
| 650 | 1 | 4 | _aСборники произведений разных авторов |
| 700 | 1 |
_aНугаев, М.А. _eред. _4edt |
|
| 740 | 0 | 2 | _aСекция: Литературы. Русского и татарского языков. Педагогики и психологии. Юридических наук. |
| 740 | 0 | 2 | _aСекция: Общественных наук. Исторических наук |
| 740 | 0 | 2 | _aСекция: физики теории относительности и гравитации астрономии. |
| 740 | 0 | 2 | _aСекция: Исторических наук. Русской филологии. Татарской филологии. Педагогики и психологии |
| 942 |
_2udc _cBK |
||
| 999 |
_c455471 _d455471 |
||